[Event "DSV-Turnier"]
[Site "Halle"]
[Date "1987.??.??"]
[Round "?"]
[White "Dizdar, Goran"]
[Black "Gelfand, Boris"]
[Result "1-0"]
[WhiteElo "2500"]
[BlackElo "2510"]

1.d4 Nf6 2.Nf3 d5 3.Bg5 Ne4 4.Bf4 c5 5.c3 Qb6 6.Qb3 cxd4 7.Nxd4 Qd8 8.e3 f6
9.Bb5+ Kf7 10.Bc7 Qxc7 11.Qxd5+ e6 12.Qxe4 e5 13.Nd2 Qb6 14.f4 Nc6 15.Nc4 Qc5
16.h4 Qe7 17.Nxc6 bxc6 18.Bxc6 Rb8 19.Bd5+  1-0

[Event "DSV-Turnier"]
[Site "Halle"]
[Date "1987.??.??"]
[Round "?"]
[White "Vogt, Lothar"]
[Black "Gelfand, Boris"]
[Result "1/2-1/2"]
[WhiteElo "2460"]
[BlackElo "2510"]

1.e4 c5 2.Nc3 d6 3.Nge2 Nf6 4.d4 cxd4 5.Nxd4 a6 6.f4 Nbd7 7.Nf3 e5 8.a4 Be7
9.Bd3 O-O 10.O-O exf4 11.Bxf4 Qb6+ 12.Kh1 Qxb2 13.Qd2 Qb6 14.Nd5 Nxd5 15.exd5 Nc5
16.Ng5 Bxg5 17.Bxg5 f6 18.Be3 Qc7 19.Bxc5 Qxc5 20.Rab1 b6 21.Qb4 Bd7 22.Qxc5 bxc5
23.Rb6  1/2-1/2

[Event "DSV-Turnier"]
[Site "Halle"]
[Date "1987.??.??"]
[Round "?"]
[White "Lukov, Valentin"]
[Black "Gelfand, Boris"]
[Result "1/2-1/2"]
[WhiteElo "2445"]
[BlackElo "2510"]

1.d4 Nf6 2.c4 e6 3.Nf3 b6 4.g3 Ba6 5.b3 Bb4+ 6.Bd2 Be7 7.Nc3 c6 8.e4 d5 9.cxd5 Bxf1
10.Kxf1 cxd5 11.e5 Ne4 12.Qe2 Nxc3 13.Bxc3 Qc8 14.Bb2 Qa6 15.Qxa6 Nxa6 16.Ke2 Kd7
17.Rhc1 Rac8 18.Ne1 Nb4 19.a3  1/2-1/2

[Event "DSV-Turnier"]
[Site "Halle"]
[Date "1987.??.??"]
[Round "?"]
[White "Gelfand, Boris"]
[Black "Paehtz, Thomas Sr"]
[Result "0-1"]
[WhiteElo "2510"]
[BlackElo "2450"]

1.d4 d6 2.Nf3 g6 3.e4 Bg7 4.Bg5 c5 5.c3 cxd4 6.cxd4 Nc6 7.Nc3 Bg4 8.d5 Nd4
9.Be3 Nxf3+ 10.gxf3 Bd7 11.f4 Nh6 12.Rg1 Qa5 13.f5 Rc8 14.Bd4 Bxd4 15.Qxd4 f6
16.fxg6 hxg6 17.Rxg6 Ng4 18.Be2 Ne5 19.Rg2 b5 20.a3 Rc4 21.Qe3 b4 22.Bxc4 Nxc4
23.Qd4 Ne5 24.Rg3 bxc3 25.Qxc3 Qxc3+ 26.Rxc3 Rxh2 27.Rac1 Bg4 28.b4 Bf3 29.Re3 Rh4
30.Rc7 a6 31.a4 Kd8 32.Rec3 Rxe4+ 33.Kd2 Re2+ 34.Kc1 Re1+ 35.Kd2 Rd1+ 36.Ke3 Bxd5
37.f4 Rd3+ 38.Rxd3 Nxd3 39.Ra7  0-1

[Event "DSV-Turnier"]
[Site "Halle"]
[Date "1987.??.??"]
[Round "?"]
[White "Gauglitz, Gernot"]
[Black "Gelfand, Boris"]
[Result "1-0"]
[WhiteElo "2465"]
[BlackElo "2510"]

1.d4 Nf6 2.c4 e6 3.Nf3 d5 4.Nc3 dxc4 5.e3 a6 6.a4 c5 7.Bxc4 Nc6 8.O-O Be7
9.Qe2 cxd4 10.Rd1 e5 11.exd4 exd4 12.Nxd4 Nxd4 13.Qe5 O-O 14.Rxd4 Qb6 15.Be3 Bc5
16.Ne4 Bxd4 17.Bxd4 Qd8 18.Rd1 Be6 19.Rd3 Re8 20.Nxf6+ Qxf6 21.Qxf6 gxf6
22.Rg3+ Kf8 23.Bc5+ Re7 24.Bxe6 fxe6 25.Bxe7+ Kxe7 26.Rg7+ Kd6 27.Rxb7 h6
28.g3 Rc8 29.Rh7 Rc4 30.b3 Rb4 31.Rxh6 Ke5 32.Rh8 Rxb3 33.Ra8 Rb6 34.h4 Kf5
35.Rg8 e5 36.Kg2 Ke6 37.Rg7 Rb8 38.h5 e4 39.g4 Ke5 40.Rg6 Rb2 41.h6 Rb8 42.h7 Rh8
43.Rh6 Kf4 44.Rxf6+ Kxg4 45.Rh6 a5 46.Rh3 Kg5 47.Kg3 Kg6 48.Kg4 Kf7 49.Kg5 Kg7
50.Rh6 Kf7 51.Ra6 Rxh7 52.Ra7+ Kg8 53.Rxh7 Kxh7 54.Kf5 Kg7 55.Kxe4 Kf6 56.Kd5  1-0

[Event "DSV-Turnier"]
[Site "Halle"]
[Date "1987.??.??"]
[Round "?"]
[White "Gelfand, Boris"]
[Black "Ghinda, Mihail Viorel"]
[Result "1/2-1/2"]
[WhiteElo "2510"]
[BlackElo "2460"]

1.Nf3 Nf6 2.c4 g6 3.Nc3 d5 4.cxd5 Nxd5 5.e4 Nxc3 6.bxc3 c5 7.d4 Bg7 8.Rb1 O-O
9.Be2 Nc6 10.d5 Ne5 11.Nxe5 Bxe5 12.c4 Qd6 13.Qd2 Bd4 14.Bb2 Bxb2 15.Rxb2 e5
16.O-O b6 17.Rb3 Bd7 18.Rg3 f6 19.Bg4 Bxg4 20.Rxg4 a6 21.f4 exf4 22.Qxf4 Qxf4
23.Rgxf4 Kg7 24.a4 Rae8 25.h4 h6 26.Rb1 g5 27.hxg5 hxg5 28.Rg4 Rb8 29.Kf2 Rfe8
30.Ke3 Kg6 31.Kd3 f5 32.exf5+ Kxf5 33.Rg3 g4 34.Re3 Rxe3+ 35.Kxe3 Ke5 36.Rh1 b5
37.Rh5+ Kd6 38.Rh6+ Kd7 39.Rxa6 bxc4 40.Rc6 Rb2  1/2-1/2

[Event "DSV-Turnier"]
[Site "Halle"]
[Date "1987.??.??"]
[Round "?"]
[White "Haba, Petr"]
[Black "Gelfand, Boris"]
[Result "1/2-1/2"]
[WhiteElo "2440"]
[BlackElo "2510"]

1.e4 c5 2.c3 d6 3.d4 Nf6 4.Bd3 cxd4 5.cxd4 g6 6.h3 Bg7 7.Nf3 e5 8.Nc3 exd4
9.Nxd4 O-O 10.O-O Nc6 11.Nxc6 bxc6 12.Bf4 Be6 13.Qd2 d5 14.Rfd1 Re8 15.exd5 Nxd5
16.Nxd5 Qxd5 17.Qc2 Qd4 18.Be4 Qxb2 19.Qxb2 Bxb2 20.Bxc6 Bxa1 21.Rxa1 f6  1/2-1/2

[Event "URS-ch otbor"]
[Site "Norilsk"]
[Date "1987.??.??"]
[Round "?"]
[White "Moskalenko, Viktor"]
[Black "Gelfand, Boris"]
[Result "1/2-1/2"]
[WhiteElo "2435"]
[BlackElo "2510"]

1.d4 d5 2.c4 e6 3.Nc3 Nf6 4.cxd5 exd5 5.Bg5 Be7 6.e3 O-O 7.Bd3 Nbd7 8.Nge2 Re8
9.Qc2 Nf8 10.O-O c6 11.f3 Be6 12.Rad1 Ng6 13.Kh1 Rc8 14.a3 Nd7 15.Bxe7 Qxe7
16.Bxg6 hxg6 17.e4 g5 18.Ng3 Qf6 19.Qd2 Qf4 20.Qd3 Qh4 21.e5 g6 22.Kg1 Kg7
23.Rf2 f6 24.exf6+ Nxf6 25.Re2 Bf7 26.Rde1 Qf4 27.Rxe8 Rxe8 28.Rxe8 Nxe8
29.Nge2 Qf6 30.g4 Nd6 31.b3 Be6 32.Qe3 b6 33.Kg2 Nb7 34.Nd1 Bf7 35.Nf2 Qe6
36.Qd2 Qe7 37.Nh3 Qxa3 38.Nxg5 Qe7 39.h4 Nd6 40.Nf4 Qf6 41.Qe3 Nb5 42.Nd3 Qxd4
43.Qe7 Qf6 44.Qd7 Nd6 45.Qxc6 Ne4 46.Qxf6+ Nxf6 47.Ne5 Bg8 48.Nc6 a5 49.Nd4 Nd7
50.f4 Nc5 51.Ngf3 b5 52.f5 a4 53.b4 Nd3 54.Nxb5 gxf5 55.gxf5 Nxb4 56.Nfd4 Bf7
57.Kf3 Be8 58.Na3 Nc6 59.Ke3 Kf6 60.Nac2 Ke5 61.Nxc6+ Bxc6 62.Kd3 Bd7 63.Kc3 Bxf5
64.Nd4  1/2-1/2

[Event "URS-ch otbor"]
[Site "Norilsk"]
[Date "1987.??.??"]
[Round "?"]
[White "Kuzmin, Gennadi P"]
[Black "Gelfand, Boris"]
[Result "1/2-1/2"]
[WhiteElo "2470"]
[BlackElo "2510"]

1.d4 d5 2.Nf3 Nf6 3.c4 e6 4.Nc3 dxc4 5.e3 a6 6.Bxc4 c5 7.a4 Nc6 8.O-O cxd4
9.exd4 Be7 10.Bf4 O-O 11.Re1 Nb4 12.Qb3 Nc6 13.Qd1 Nb4 14.Qb3 Nc6 15.Qd1 Nb4  1/2-1/2

[Event "URS-ch otbor"]
[Site "Norilsk"]
[Date "1987.??.??"]
[Round "?"]
[White "Gelfand, Boris"]
[Black "Huzman, Alexander"]
[Result "1/2-1/2"]
[WhiteElo "2510"]
[BlackElo "2500"]

1.Nf3 Nf6 2.c4 e6 3.d4 d5 4.g3 dxc4 5.Bg2 c5 6.O-O Nc6 7.Ne5 Bd7 8.Nxc4 cxd4
9.Bf4 Nd5 10.Nd6+ Bxd6 11.Bxd6 Nde7 12.Qb3 O-O 13.Nd2 b6 14.Qa3 Re8 15.Rac1 Rc8
16.Rc2 Nf5 17.Rfc1 Nxd6 18.Qxd6 Qe7 19.Ne4 f5 20.Qxe7 Nxe7 21.Nd6 Rxc2 22.Rxc2 Rd8
23.Rc7 Ba4 24.Rxa7 Rxd6 25.Rxa4 e5 26.Kf1 Kf7 27.Ke1 Kf6 28.Ba8 h5 29.Rb4 g5
30.f3 g4 31.Kd2 gxf3 32.exf3 Ke6 33.Rb5 Nc8 34.a4 Na7 35.Rb4 Kd7 36.Rc4 h4
37.b4 hxg3 38.hxg3 b5 39.Rc5 bxa4 40.Rxe5 Ra6 41.Bd5 a3 42.Ba2 Rg6 43.Rd5+  1/2-1/2

[Event "URS-FL"]
[Site "Sverdlovsk"]
[Date "1987.??.??"]
[Round "?"]
[White "Gelfand, Boris"]
[Black "Dokhoian, Yury"]
[Result "1/2-1/2"]
[WhiteElo "2510"]
[BlackElo "2525"]

1.d4 d5 2.c4 e6 3.Nf3 Nf6 4.g3 dxc4 5.Bg2 c5 6.O-O Nc6 7.Ne5 Bd7 8.Nxc4 cxd4
9.Bf4 Nd5 10.Nd6+ Bxd6 11.Bxd6 Qb6 12.Qc1 f6 13.Nd2 Kf7 14.Nb3 Na5 15.Nxa5 Qxa5
16.Qc4 Rhd8 17.Qxd4 Bc6 18.Qc5 Qxc5 19.Bxc5 Ne7 20.e4 Rd2 21.b3 Rad8 22.Be3 Rc2
23.Rfc1 Rxc1+ 24.Rxc1 Ng6 25.f4 e5 26.f5 Ne7 27.Bxa7 Ra8 28.Bc5 Rxa2 29.b4 Rd2
30.Bf3 Ke8 31.Rb1 Bb5 32.Ra1 Ba6 33.Bd1 Nc6 34.Ba4 Bd3 35.Bxc6+  1/2-1/2

[Event "URS-FL"]
[Site "Sverdlovsk"]
[Date "1987.??.??"]
[Round "?"]
[White "Gelfand, Boris"]
[Black "Kharitonov, Andrei Y"]
[Result "1/2-1/2"]
[WhiteElo "2510"]
[BlackElo "2450"]

1.d4 Nf6 2.c4 e6 3.Nf3 d5 4.Nc3 Be7 5.Bg5 O-O 6.e3 Nbd7 7.Rc1 h6 8.Bxf6 Nxf6
9.c5 c6 10.Bd3 Nd7 11.O-O f5 12.b4 Qc7 13.b5 e5 14.Nxe5 Nxe5 15.dxe5 Qxe5
16.Qa4 Qc7 17.Ne2 Bd7 18.Rc2 a6 19.bxa6 bxa6 20.Nd4 g6 21.Rb1 Rfb8 22.Rxb8+ Rxb8
23.Qxa6 Rb1+ 24.Bf1 Qb8 25.g3 Bf6 26.Nb3 Qe8 27.Nd2 Ra1 28.Qa3 Qb8 29.Qb3 Qa8
30.Kg2 Qc8 31.Qa3 Kf7 32.Rc1 Rxc1 33.Qxc1 Qa8 34.Qc2 Qa3 35.Bd3 Be6 36.Nb3 d4
37.exd4 Qb4 38.Qc1 Bd5+ 39.Kg1 Bxd4 40.Nxd4 Qxd4  1/2-1/2

[Event "URS-FL"]
[Site "Sverdlovsk"]
[Date "1987.??.??"]
[Round "?"]
[White "Gelfand, Boris"]
[Black "Malaniuk, Vladimir P"]
[Result "0-1"]
[WhiteElo "2510"]
[BlackElo "2545"]

1.e4 e6 2.d4 d5 3.Nd2 Nf6 4.e5 Ne4 5.Bd3 Nxd2 6.Bxd2 c5 7.Qg4 Qb6 8.Rb1 Nc6
9.dxc5 Qxc5 10.Nf3 Nb4 11.O-O Bd7 12.Be2 g6 13.Qf4 Nc6 14.Bd3 a5 15.a3 Bg7
16.b4 Qb6 17.bxa5 Qc7 18.Rfe1 Nxa5 19.Ng5 O-O 20.Qh4 h6 21.Nf3 Kh7 22.g4 Rh8
23.g5 h5 24.Qxh5+ Kg8 25.Qg4 Nc4 26.Bf4 Nxa3 27.Ra1 Ra4 28.Qg3 Bf8 29.Re2 Qc3
30.Rd1 Nc4 31.Rb1 Bc6 32.h4 Kg7 33.Rb3 Qa5 34.Nd4 Qc5 35.Nxc6 bxc6 36.Qf3 Be7
37.Bg3 Na5 38.Rb1 Qd4 39.Ree1 Rxh4 40.Bxh4 Qxh4  0-1

[Event "URS-FL"]
[Site "Sverdlovsk"]
[Date "1987.??.??"]
[Round "?"]
[White "Gelfand, Boris"]
[Black "Pigusov, Evgeny"]
[Result "1/2-1/2"]
[WhiteElo "2510"]
[BlackElo "2520"]

1.e4 c5 2.Nf3 Nc6 3.d4 cxd4 4.Nxd4 g6 5.c4 Nf6 6.Nc3 d6 7.Be2 Nxd4 8.Qxd4 Bg7
9.O-O O-O 10.Qe3 Nd7 11.Bd2 a5 12.Rad1 Nc5 13.b3 Bd7 14.Nd5 e6 15.Nc3 Bc6
16.Be1 Qe7 17.f3 Rfe8 18.Bd3 b6 19.Bc2 Be5 20.Bg3 Rad8 21.a3 Bxg3 22.hxg3 Qc7
23.b4 Nd7 24.Qd4 axb4 25.axb4 Nf8 26.f4 Rd7 27.Ra1 Rb8 28.Bd3 Rdd8 29.Ra6 Nd7
30.Re1 e5 31.Nd5 Bxd5 32.Qxd5 Rb7 33.Bc2 Nb8 34.Ra8 Nc6 35.b5 Rbb8 36.Rxb8 Nxb8
37.Rd1 Rc8 38.Bb3 Nd7 39.Qxd6 Nc5 40.Bc2 Ne6  1/2-1/2

[Event "URS-FL"]
[Site "Sverdlovsk"]
[Date "1987.??.??"]
[Round "?"]
[White "Gelfand, Boris"]
[Black "Tseshkovsky, Vitaly"]
[Result "1/2-1/2"]
[WhiteElo "2510"]
[BlackElo "2485"]

1.d4 Nf6 2.Nf3 g6 3.c4 Bg7 4.Nc3 d5 5.cxd5 Nxd5 6.e4 Nxc3 7.bxc3 c5 8.Rb1 O-O
9.Be2 cxd4 10.cxd4 Qa5+ 11.Bd2 Qxa2 12.O-O Qe6 13.Qc2 Qd6 14.Bc4 Bg4 15.Qd3 Bxf3
16.Bd5 Qd7 17.Rxb7  1/2-1/2

[Event "URS-FL"]
[Site "Sverdlovsk"]
[Date "1987.??.??"]
[Round "?"]
[White "Huzman, Alexander"]
[Black "Gelfand, Boris"]
[Result "0-1"]
[WhiteElo "2500"]
[BlackElo "2510"]

1.d4 d6 2.Nf3 Bg4 3.c4 Nd7 4.Qb3 Qc8 5.h3 Bh5 6.g3 c6 7.Bg2 e5 8.O-O Be7
9.Qe3 Qc7 10.b3 Bg6 11.Nc3 Nh6 12.Qd2 O-O 13.Qd1 f5 14.Ng5 Qa5 15.Na4 Bxg5
16.Bxg5 Nf7 17.Bc1 Rad8 18.a3 Nf6 19.Bb2 f4 20.b4 Qc7 21.Qb3 Ng5 22.c5+ d5
23.dxe5 Nfe4 24.gxf4 Ne6 25.Bxe4 Bxe4 26.f3 Bf5 27.e3 Bxh3 28.Rf2 Qf7 29.Rh2 Qh5
30.Kf2 Qh4+ 31.Ke2 Bf1+ 32.Rxf1 Qxh2+ 33.Rf2 Qh3 34.Kd3 Qg3 35.Ke2 Qh3 36.Kd3 g5  0-1

[Event "URS-FL"]
[Site "Sverdlovsk"]
[Date "1987.??.??"]
[Round "?"]
[White "Rashkovsky, Nukhim N"]
[Black "Gelfand, Boris"]
[Result "1/2-1/2"]
[WhiteElo "2495"]
[BlackElo "2510"]

1.d4 Nf6 2.Nf3 d5 3.c4 e6 4.e3 b6 5.b3 Bb7 6.Bb2 Bd6 7.Bd3 O-O 8.O-O Nbd7
9.Nbd2 Ne4 10.cxd5 exd5 11.Ne5 Nxd2 12.Qxd2 f6 13.Nf3 Qe7 14.Rac1 f5 15.Qc2 Qf7
16.Bb5 c6 17.Bxc6 Rac8 18.Bxb7 Rxc2 19.Rxc2 Nf6 20.Ba6 f4 21.exf4 Bxf4 22.Ba3 Qg6
23.Rc6 Re8 24.Bc8 h6 25.Be6+ Kh8 26.Bxd5 Qh5 27.Bc4 Qa5 28.Bf7 Qxa3 29.Bxe8 Nxe8
30.Rc8 Qxa2 31.Rxe8+ Kh7 32.b4 a5 33.bxa5 bxa5 34.Ree1 a4 35.Ra1 Qc4 36.Rfd1 Bd6
37.Rdc1 Qb3 38.Rcb1 Qc4 39.Rc1 Qb3 40.Rcb1 Qc4  1/2-1/2

[Event "URS-FL"]
[Site "Sverdlovsk"]
[Date "1987.??.??"]
[Round "?"]
[White "Tukmakov, Vladimir B"]
[Black "Gelfand, Boris"]
[Result "1/2-1/2"]
[WhiteElo "2580"]
[BlackElo "2510"]

1.d4 Nf6 2.Nf3 d5 3.c4 e6 4.g3 dxc4 5.Bg2 Nc6 6.Qa4 Nd7 7.Qxc4 Nb6 8.Qd3 e5
9.Nxe5 Nb4 10.Qc3 Qxd4 11.O-O Qxc3 12.Nxc3 g6 13.Nb5 Na6 14.Bf4 c6 15.Nxc6 bxc6
16.Bxc6+ Bd7 17.Bxa8 Bxb5 18.Be5 Rg8 19.Rfc1 Be7 20.a4 Bd7 21.Bf3 Nxa4 22.Rxa4 Bxa4
23.Rc8+ Bd8 24.Bf6 Kd7 25.Bg4+ Kd6 26.Rxd8+ Rxd8 27.Bxd8 Bd7 28.Bxd7 Kxd7
29.Bf6 Nb4 30.e4 Kc6 31.f4 Kb5 32.Kf2 h5 33.g4 hxg4 34.Kg3 Kc4 35.Kxg4 Kd3
36.f5 Kxe4 37.fxg6 fxg6 38.Kg5 Nd5 39.Kxg6 Nf4+ 40.Kg5 Nh3+ 41.Kg4 Nf2+ 42.Kg5 Nh3+
43.Kg4 Nf2+ 44.Kg3 Nd1 45.h4 Ne3 46.Bg5 Nc4 47.b3 Ne5 48.Bf4 Ng6 49.Bd2 Kf5
50.Be1 Ne5 51.Bc3 Ng6 52.Bd2 Ne5 53.Bc3 Ng6 54.Bd2 Ne5 55.Be3 a6 56.Bd4 Nd3
57.Kf3 Nc1 58.b4 Nd3 59.Bc3 Nf4 60.Bd2 Ng6 61.Kg3 Nxh4 62.Kxh4 Ke6 63.Be3 a5
64.bxa5 Kd7  1/2-1/2

[Event "Uzhgorod"]
[Site "Uzhgorod"]
[Date "1987.??.??"]
[Round "?"]
[White "Gelfand, Boris"]
[Black "Kanstler, Boris"]
[Result "1-0"]
[WhiteElo "2470"]
[BlackElo "2405"]

1.e4 g6 2.d4 Bg7 3.c3 d6 4.Bg5 Nf6 5.Nd2 c5 6.dxc5 dxc5 7.Ngf3 O-O 8.Bc4 Nc6
9.O-O Qc7 10.Re1 h6 11.Bh4 Nh5 12.Qc2 b6 13.Nf1 Bb7 14.Ne3 e6 15.Rad1 Bf6
16.Bxf6 Nxf6 17.Nd5 exd5 18.exd5 Nd4 19.cxd4 Nxd5 20.Ne5 Rad8 21.dxc5 bxc5
22.Qb3 Qb6 23.Qh3 Rfe8 24.Qxh6 Qxb2 25.f4 Rd6 26.Rd3 Rxe5 27.fxe5 Ne3 28.Bxf7+ Kxf7
29.Qh7+ Ke8 30.Qh8+  1-0

[Event "Uzhgorod"]
[Site "Uzhgorod"]
[Date "1987.??.??"]
[Round "?"]
[White "Novikov, Igor A"]
[Black "Gelfand, Boris"]
[Result "1-0"]
[WhiteElo "2480"]
[BlackElo "2470"]

1.d4 Nf6 2.c4 g6 3.Nc3 Bg7 4.e4 d6 5.Nge2 e5 6.d5 Na6 7.Ng3 h5 8.Be2 h4 9.Nf1 Nc5
10.Bg5 Bh6 11.Bxh6 Rxh6 12.Nd2 Nh5 13.b4 Nd7 14.Bxh5 Rxh5 15.O-O Nf6 16.Qe2 Rg5
17.Nf3 Nh5 18.Nxg5 Qxg5 19.Qe3 Nf4 20.g3 hxg3 21.Qxg3 Qf6 22.Kh1 Bd7 23.Qe3 Ke7
24.f3 Rh8 25.Rf2 Rh3 26.Ne2 g5 27.Rg1 b6 28.Nxf4 exf4 29.Qd2 Qe5 30.Re1 Kd8
31.Kg1 f6 32.Ref1 Rh4 33.Qb2 Qe7 34.c5 Bh3 35.Rc1 g4 36.cxd6 cxd6 37.Qc3 g3
38.hxg3 fxg3 39.Rfc2 Ke8 40.Qc7 Bd7 41.Qxa7 f5 42.Rc8+ Kf7 43.R1c7 Rh1+ 44.Kg2 Rh2+
45.Kf1 g2+ 46.Kg1 Rh1+ 47.Kxg2 Qg5+ 48.Kxh1 Qh6+ 49.Kg1 Qe3+ 50.Kf1 Qxf3+
51.Ke1 Qxe4+ 52.Kd2 Qxb4+ 53.Kc2  1-0

[Event "Uzhgorod"]
[Site "Uzhgorod"]
[Date "1987.??.??"]
[Round "?"]
[White "Kruppa, Yuri"]
[Black "Gelfand, Boris"]
[Result "1/2-1/2"]
[WhiteElo "2455"]
[BlackElo "2470"]

1.e4 e5 2.Nf3 Nf6 3.Nxe5 d6 4.Nf3 Nxe4 5.Qe2 Qe7 6.d3 Nf6 7.Bg5 Qxe2+ 8.Bxe2 Be7
9.Nc3 c6 10.Nd4 Na6 11.O-O Bd7 12.Rfe1 Nc7 13.Bh5 Kf8 14.Bf3 Ne6 15.Be3 Nxd4
16.Bxd4 d5 17.Rab1 Be6 18.b4 Nd7 19.Ne2 Bd6 20.Ba1 Ne5 21.Bh5 Bd7 22.f4 Ng6
23.g3 Re8 24.Bd4 b6 25.Bf2 Ne7 26.a4 g6 27.Bf3 Kg7 28.a5 Rb8 29.axb6 axb6
30.c4 Rhe8 31.c5 bxc5 32.bxc5 Bc7 33.g4 f6 34.Ra1 Rb7 35.Bd4 Kf7 36.Kg2 Reb8
37.Ra3 Nc8 38.Rea1 Rb3 39.h3 Rxa3 40.Rxa3 Rb7 41.Be3 Ra7 42.Rb3 Ne7  1/2-1/2

[Event "Uzhgorod"]
[Site "Uzhgorod"]
[Date "1987.??.??"]
[Round "?"]
[White "Gelfand, Boris"]
[Black "Serper, Grigory"]
[Result "1-0"]
[WhiteElo "2470"]
[BlackElo "2365"]

1.d4 Nf6 2.c4 c6 3.Nf3 d5 4.Nc3 e6 5.Bg5 Be7 6.e3 O-O 7.Qc2 Nbd7 8.Rd1 Re8
9.a3 Nf8 10.Bd3 dxc4 11.Bxc4 Nd5 12.Bf4 Nxf4 13.exf4 Qc7 14.g3 c5 15.O-O a6
16.Ba2 b5 17.d5 c4 18.b3 Bb7 19.bxc4 bxc4 20.Ne5 Bxa3 21.dxe6 Rxe6 22.Nd5 Bxd5
23.Rxd5 Rc8 24.Qa4 Bd6 25.Nxc4 Bxf4 26.Rf5 Bh6 27.Ne3 Qc6 28.Qxc6 Rexc6 29.Rxf7 Kh8
30.Nf5 Ng6 31.f4 Rc1 32.Rd7 Bxf4 33.gxf4 Nxf4 34.Rxc1 Rxc1+ 35.Kf2 h5 36.Kf3 g5
37.Nh6 Rf1+ 38.Ke4 g4 39.Nf7+ Kg7 40.Bc4 Rf2 41.Ne5+ Kh6 42.Nf7+ Kg7 43.Nd6+ Kg6
44.Rf7 Nh3 45.Rxf2 Nxf2+ 46.Ke3 Nd1+ 47.Kf4 a5 48.Bf7+ Kh6 49.Nf5+ Kh7 50.Bxh5 a4
51.Nd4 a3 52.Nc2 a2 53.Bf7 Nc3 54.Kxg4 Kg7 55.Bc4 Kh7 56.Be6 Kg7 57.Bc4 Kh7
58.Be6 Kg7 59.Bc4 Kh7 60.Kf4 Kg6 61.Ke3 Kg5 62.Kd3 Nd1 63.Bxa2 Nf2+ 64.Ke2 Ng4
65.h3 Ne5 66.Kf2 Kh4 67.Be6 Ng6 68.Kf3 Ne5+ 69.Kg2 Nd3 70.Nd4 Ne5 71.Kh2 Kg5
72.Kg3  1-0

[Event "Uzhgorod"]
[Site "Uzhgorod"]
[Date "1987.??.??"]
[Round "?"]
[White "Rozentalis, Eduardas"]
[Black "Gelfand, Boris"]
[Result "1/2-1/2"]
[WhiteElo "2455"]
[BlackElo "2470"]

1.e4 c5 2.c3 d6 3.d4 Nf6 4.Bd3 cxd4 5.cxd4 g6 6.Ne2 Bg7 7.O-O O-O 8.Nbc3 Nc6
9.a3 e5 10.d5 Nd4 11.f3 Bd7 12.Nxd4 exd4 13.Ne2 Qb6 14.b3 Bb5 15.Bb2 Nd7
16.Bxb5 d3+ 17.Nd4 Bxd4+ 18.Bxd4 Qxd4+ 19.Kh1 Ne5 20.f4 a6 21.fxe5 axb5 22.exd6 Qxe4
23.Rf3 Rfd8 24.Rxd3 Rxd6 25.Qd2 Re8 26.h3 Qe2 27.Qxe2 Rxe2 28.Rc1 b6 29.Rc8+ Kg7
30.Rc7 Rf2 31.Kg1  1/2-1/2

[Event "Uzhgorod"]
[Site "Uzhgorod"]
[Date "1987.??.??"]
[Round "?"]
[White "Gelfand, Boris"]
[Black "Huzman, Alexander"]
[Result "1-0"]
[WhiteElo "2470"]
[BlackElo "2435"]

1.d4 Nf6 2.c4 c6 3.Nf3 d5 4.Nc3 dxc4 5.a4 Bg4 6.Ne5 Bh5 7.h3 Na6 8.g4 Bg6
9.Bg2 Nb4 10.O-O Nd7 11.Nxc4 f6 12.d5 Bf7 13.Bf4 Rc8 14.Rc1 Nc5 15.dxc6 Qxd1
16.Rfxd1 bxc6 17.Na5 Nb3 18.Nxb3 Bxb3 19.Rd2 e5 20.Be3 a6 21.Bb6 Be7 22.a5 O-O
23.Ne4 Na2 24.Ra1 Bb4 25.Rd3 Bc4 26.Re3 Bd5 27.Nc5 Bxc5 28.Bxc5 Rfd8 29.Bb6 Nb4
30.Bxd8 Rxd8 31.Rc1 Bxg2 32.Kxg2 Nd5 33.Re4 Nf4+ 34.Kh2 Rd2 35.Rxc6 Rxb2
36.Rxa6 Nxe2 37.Rb6 Ra2 38.a6 Nf4 39.Kg3 Ra3+ 40.Re3 Ra1 41.Rb8+ Kf7 42.Rb7+ Kg6
43.a7 h5 44.Kf3 h4 45.Rc3 Nxh3 46.Rc8 Ra3+ 47.Kg2 Nf4+ 48.Kh2  1-0

[Event "Uzhgorod"]
[Site "Uzhgorod"]
[Date "1987.??.??"]
[Round "?"]
[White "Gelfand, Boris"]
[Black "Giorgadze, Giorgi"]
[Result "1-0"]
[WhiteElo "2470"]
[BlackElo "2380"]

1.d4 Nf6 2.c4 e6 3.Nf3 d5 4.g3 Bb4+ 5.Nbd2 O-O 6.Bg2 b6 7.O-O Bb7 8.cxd5 exd5
9.Ne5 Bd6 10.Ndc4 Re8 11.Bg5 Be7 12.Ne3 h6 13.Bxf6 Bxf6 14.f4 Na6 15.Nf5 c5
16.e3 Nc7 17.Qg4 Bc8 18.Nxh6+ Kh7 19.Nf5 g6 20.Qh3+ Kg8 21.Nh6+ Kg7 22.f5 Bxe5
23.Nxf7 Kxf7 24.Qh7+ Bg7 25.Qxg6+ Ke7 26.Qxg7+ Kd6 27.dxc5+ bxc5 28.e4 Ba6
29.Rfd1 d4 30.Rac1 Rb8 31.Qh6+ Ke7 32.Qg7+ Kd6 33.Qh6+ Ke7 34.Rxc5  1-0

[Event "Uzhgorod"]
[Site "Uzhgorod"]
[Date "1987.??.??"]
[Round "?"]
[White "Epishin, Vladimir"]
[Black "Gelfand, Boris"]
[Result "1/2-1/2"]
[WhiteElo "2400"]
[BlackElo "2470"]

1.d4 Nf6 2.c4 d6 3.Nc3 Nbd7 4.Nf3 c6 5.e4 e5 6.Be2 Be7 7.O-O O-O 8.Qc2 a6
9.Rd1 Qc7 10.Bg5 Re8 11.h3 exd4 12.Rxd4 b5 13.cxb5 cxb5 14.Rc1 Bb7 15.Nd5 Qxc2
16.Nxe7+ Rxe7 17.Rxc2 Bxe4 18.Rc7 Re6 19.Bxf6 Nxf6 20.Ng5 Ree8 21.Nxe4 Rxe4
22.Rxe4 Nxe4 23.Rd7 Re8 24.Bd3 Nc5 25.Rxd6 Nxd3 26.Rxd3 g6 27.Kf1 Re6 28.g3 Kg7
29.h4 Kf6 30.Rc3 h5  1/2-1/2

[Event "Wch U20"]
[Site "Adelaide"]
[Date "1988.??.??"]
[Round "1"]
[White "Hill, Shane Malcolm"]
[Black "Gelfand, Boris"]
[Result "0-1"]
[WhiteElo "2280"]
[BlackElo "2585"]

1.d4 Nf6 2.Nf3 g6 3.g3 Bg7 4.Bg2 O-O 5.O-O d6 6.Nbd2 Nc6 7.c3 e5 8.b3 Re8
9.Bb2 e4 10.Ng5 e3 11.fxe3 h6 12.Nge4 Ng4 13.Nc4 d5 14.h3 Nf6 15.Nxf6+ Bxf6
16.Nd2 Rxe3 17.Nf3 Qe7 18.Rf2 Bd7 19.Qd2 Re8 20.Re1 h5 21.Bc1 Qd6 22.Nh2 Rxg3
23.Nf1 Rg5 24.Qf4 Rf5 25.Qxd6 cxd6 26.Rxf5 Bxf5 27.Ne3 Be4 28.Nxd5 Bh4 29.Bxe4 Rxe4
30.e3 Kg7 31.Rf1 Bg5 32.Rf3 f5 33.Ba3 Ne7 34.Nf4 Nc8 35.Kf2 Kf7 36.Ke2 Re8
37.Kd3 h4 38.Rf2 Bd8 39.Ne2 Bg5 40.Nf4 Bh6 41.d5 Re4 42.c4 g5 43.Ne6 Kg6
44.Nd4 g4 45.Nxf5 g3 46.Rf3 g2 47.Nxh4+ Rxh4 48.Rg3+ Kf7 49.Rxg2 Rxh3 50.Re2 b6
51.Bb2 Ne7 52.Rf2+ Ke8 53.Bd4 Rh5 54.Ke4 Rh4+ 55.Kd3 Bg5 56.Rg2 Rh5 57.Ke4 Kd7
58.a4 Kc7 59.a5 bxa5 60.Bxa7 Bf6 61.Rf2 Bc3 62.Rf7 Kd7 63.Bd4 Bxd4 64.exd4 Rh3
65.Rf3 Rxf3 66.Kxf3 Nc8 67.Ke4 Nb6 68.c5 Na8 69.Kd3 Nc7 70.Kc4 Ke7 71.b4 a4
72.Kc3 Nxd5+ 73.Kb2 Kd7 74.b5 Ne3 75.Ka3 Nc2+ 76.Kxa4 d5 77.Ka5 Nxd4 78.Kb6 Ne6
79.c6+ Kc8 80.Ka5 Kc7 81.Ka6 d4  0-1

[Event "Wch U20"]
[Site "Adelaide"]
[Date "1988.??.??"]
[Round "5"]
[White "Serper, Grigory"]
[Black "Gelfand, Boris"]
[Result "1/2-1/2"]
[WhiteElo "2435"]
[BlackElo "2585"]

1.e4 c5 2.Nc3 d6 3.Nf3 e5 4.Bc4 Nc6 5.d3 Be7 6.Nd5 Nf6 7.c3 Nxd5 8.Bxd5 Be6
9.Bxe6 fxe6 10.Ng5 Bxg5 11.Qh5+ g6 12.Qxg5 Qxg5 13.Bxg5 Kf7 14.Bh6 b5 15.O-O Rhe8
16.f4 Kg8 17.Rf2 exf4 18.Rxf4 Ne5 19.Raf1 Nxd3 20.Rf7 Ne5 21.Rg7+ Kh8 22.h3 Rg8
23.Rb7 Rgb8 24.Rc7 Rc8 25.Rb7 Rcb8 26.Rg7 Rg8 27.Rb7 Rgb8 28.Rc7 Rc8 29.Re7 Re8
30.Bg5 Kg8 31.Rb7 Reb8 32.Re7 Re8 33.Rb7 Reb8  1/2-1/2

[Event "Wch U20"]
[Site "Adelaide"]
[Date "1988.??.??"]
[Round "6"]
[White "Gelfand, Boris"]
[Black "Schlosser, Michael"]
[Result "0-1"]
[WhiteElo "2585"]
[BlackElo "2380"]

1.d4 Nf6 2.c4 g6 3.Nc3 Bg7 4.e4 d6 5.Be2 O-O 6.Bg5 Nbd7 7.Qd2 c5 8.Nf3 Qa5
9.d5 h6 10.Bxh6 Bxh6 11.Qxh6 Nxe4 12.Rc1 Ndf6 13.O-O Bg4 14.a3 Rfb8 15.Ng5 Nxg5
16.Bxg4 Ngh7 17.Be2 Qd8 18.Rce1 Qf8 19.Qe3 Kh8 20.Bd3 Ng8 21.b4 b6 22.Bc2 a6
23.Rb1 Qh6 24.Qxh6 Nxh6 25.Rfe1 Ng8 26.bxc5 bxc5 27.Ba4 Nhf6 28.f3 Kg7 29.Bc6 Rxb1
30.Rxb1 Ra7 31.a4 Nd7 32.f4 Nh6 33.a5 Nf5 34.Na4 Nd4 35.Nb6 Nf6 36.Nc8 Rc7
37.Bb7 Nc2 38.Rb6 Nb4 39.Bxa6 Nxa6 40.Nxd6 exd6 41.Rxa6 Ne4 42.Rc6 Rd7 43.a6 Nd2
44.Rb6 Nxc4 45.Rb7 Rd8 46.a7 Ra8 47.Kf2 Na5 48.Rd7 Nb3 49.Rb7 c4 50.Ke2 Nc5
51.Rc7 Ne4 52.Ke3 Nf6 53.Kd4 c3 54.Kd3 Nxd5 55.Rb7 Kf6 56.g4 Nxf4+ 57.Kxc3 Nd5+
58.Kd2 Ne7 59.h4 Nc6 60.Rb6 Nxa7 61.Ra6 Rh8 62.g5+ Ke6 63.Rxa7 Rxh4 64.Ra1 Rg4
65.Re1+ Kd7  0-1

[Event "Wch U20"]
[Site "Adelaide"]
[Date "1988.??.??"]
[Round "9"]
[White "Gdanski, Jacek"]
[Black "Gelfand, Boris"]
[Result "0-1"]
[WhiteElo "2395"]
[BlackElo "2585"]

1.e4 c5 2.Nf3 d6 3.d4 cxd4 4.Nxd4 Nf6 5.Nc3 a6 6.Be3 e5 7.Nb3 Be6 8.f3 Nbd7
9.Qd2 Be7 10.Nd5 Nxd5 11.exd5 Bf5 12.Na5 Qc7 13.c4 e4 14.f4 Nc5 15.b4 Bh4+
16.g3 Bf6 17.Rc1 Nd3+ 18.Bxd3 exd3 19.O-O O-O 20.Rfe1 Rfe8 21.c5 dxc5 22.Rxc5 Qd7
23.Nc4 Rad8 24.d6 Be4 25.Bf2 Qh3 26.Rxe4 Rxe4 27.Qxd3 Rxf4 28.d7 Rh4 29.Rc8 Qxh2+
30.Kf1 Qh3+ 31.Ke2 Qe6+ 32.Kf3 Rh5 33.Nb6 Rf5+  0-1

[Event "Wch U20"]
[Site "Adelaide"]
[Date "1988.??.??"]
[Round "13"]
[White "Gelfand, Boris"]
[Black "Hellers, Ferdinand"]
[Result "1-0"]
[WhiteElo "2585"]
[BlackElo "2490"]

1.d4 Nf6 2.c4 g6 3.Nc3 Bg7 4.e4 d6 5.Be2 O-O 6.Bg5 Nbd7 7.Qd2 c6 8.Nf3 d5
9.exd5 cxd5 10.O-O Ne4 11.Nxe4 dxe4 12.Ne1 f6 13.Bh6 Bxh6 14.Qxh6 e5 15.Qd2 f5
16.d5 Nf6 17.d6 f4 18.c5 f3 19.gxf3 Bh3 20.Ng2 Nh5 21.Qe3 Nf4 22.Nxf4 exf4
23.Qb3+ Kg7 24.Kh1 Bxf1 25.Rxf1 e3 26.fxe3 Rf5 27.Qxb7+ Kh6 28.c6 Rh5 29.Rf2 Rc8
30.c7 Qd7 31.Ba6 Qxd6 32.Qxc8 Rc5 33.Qh3+  1-0